000 00677nam a2200277Ia 4500
005 20260324123758.0
008 008 260324s9999 xx 000 0 eng d
020 _a9780203814628
037 _aEBOOK
040 _aCRL
040 _beng
040 _cCRL
041 _2eng
041 _aeng
084 _qCRL
100 _aDavid Vines; Jan Maciejowski; James E. Meade
_91171618
245 0 _aStagflation (2 Volumes) (Routledge Revivals)
260 _bTaylor and Francis
260 _c2011
365 _a
365 _b420
856 _uhttp://www.taylorfrancis.com/books/9780203814628
942 _cEBOOK
999 _c1765431
_d1765431